| 000 | 01087cam a22003497a 4500 | ||
|---|---|---|---|
| 001 | 14220523 | ||
| 003 | OSt | ||
| 005 | 20140310184326.0 | ||
| 008 | 060106s2005 nyu j 000 1 eng | ||
| 010 | _a 2006271670 | ||
| 020 | _a0439806852 | ||
| 040 |
_aDLC _cDLC _dDLC |
||
| 050 | 0 | 0 |
_aPZ 7 _b.C695od 2005 |
| 100 | 1 |
_aColfer, Eoin. _917202 |
|
| 245 | 1 | 0 |
_aArtemis Fowl : _cEoin Colfer _bthe opal deception / |
| 246 | 3 | 0 | _aOpal deception |
| 250 | _a1st American ed. | ||
| 260 |
_aNew York : _bMiramax Books/Hyperion Books for Children, _c2005. |
||
| 300 |
_a342 p. : _c21 cm. |
||
| 440 |
_aArtemis Fowl _917203 |
||
| 521 | _aG5 | ||
| 526 | _c770 | ||
| 650 |
_aFairies _xFiction. _923324 |
||
| 650 |
_aKidnapping _xFiction. _923325 |
||
| 650 |
_aMagic _x Fiction. _923326 |
||
| 906 |
_a7 _bcbc _corigcop _d4 _encip _f20 _gy-gencatlg |
||
| 942 |
_2lcc _cBK-SCHOLAS |
||
| 999 |
_c33627 _d33627 |
||